000 00442nam a2200181Ia 4500
005 20230919091705.0
008 131103s9999 xx 000 0 und d
040 _aLoreto College
041 _aEnglish
082 _a252
_bHAU
100 _aHaughton, Rosemary
245 _aChristian Responsibility
_cRosemary Haughton
260 _aLondon
_bSheed
_c1964
300 _a148p.
650 _aChristianity
850 _aLCLIB
942 _cBK
999 _c24542
_d75021